<?xml version="1.0" encoding="UTF-8"?>
<marc:record xmlns:marc="http://www.loc.gov/MARC21/slim">
   <marc:leader>00000nam a2200000 a 4500</marc:leader>
   <marc:datafield ind1=" " ind2=" " tag="653">
      <marc:subfield code="a">Pferde</marc:subfield>
   </marc:datafield>
   <marc:datafield ind1=" " ind2=" " tag="653">
      <marc:subfield code="a">Springreiten</marc:subfield>
   </marc:datafield>
   <marc:datafield ind1=" " ind2=" " tag="653">
      <marc:subfield code="a">Reitturnier</marc:subfield>
   </marc:datafield>
   <marc:datafield ind1=" " ind2=" " tag="653">
      <marc:subfield code="a">Turnier</marc:subfield>
   </marc:datafield>
   <marc:datafield ind1=" " ind2=" " tag="653">
      <marc:subfield code="a">Turnierreiter</marc:subfield>
   </marc:datafield>
   <marc:datafield ind1="0" ind2="0" tag="245">
      <marc:subfield code="a">Pferde Springreiten - Spielfiguren-Box</marc:subfield>
   </marc:datafield>
   <marc:datafield ind1="0" ind2="0" tag="245">
      <marc:subfield code="b">Pferde - Figurenbox</marc:subfield>
   </marc:datafield>
   <marc:datafield ind1="1" ind2=" " tag="490">
      <marc:subfield code="a">Spielfiguren-Set</marc:subfield>
   </marc:datafield>
   <marc:datafield ind1="1" ind2=" " tag="520">
      <marc:subfield code="a">6 Pferde (5 x große Pferde und 1 Fohlen)&#xD;
6 Fässer in Blau, Weiß Rot&#xD;
6 „Mauer“ Hindernisse in Grau&#xD;
4 Heuballen in Dunkelgrün/Olive&#xD;
3 Hinderniselemente in Rot, Grün und Lila&#xD;
5 Stäbe für Hindernisse (3x Türkis/Lila, 2x Weiß/Grün)&#xD;
1 Zaun in Grün&#xD;
2 Blumenbeete&#xD;
1 Strauch 2-teilig (Grün und Braun&#xD;
2 Lorbeerkränze inkl. rosa Schleifen&#xD;
2 Pokale</marc:subfield>
   </marc:datafield>
   <marc:datafield ind1=" " ind2=" " tag="338">
      <marc:subfield code="a">Gegenstand</marc:subfield>
   </marc:datafield>
   <marc:datafield ind1=" " ind2=" " tag="300">
      <marc:subfield code="a">6 Pferde (5 x große Pferde und 1 Fohlen) 6 Fässer in Blau, Weiß Rot 6 „Mauer“ Hindernisse in Grau 4 Heuballen in Dunkelgrün/Olive 3 Hinderniselemente in Rot, Grün und Lila 5 Stäbe für Hindernisse,1 Zaun in Grün 2 Blumenbeete 1 Strauch 2-teilig, 2 Pokale</marc:subfield>
   </marc:datafield>
</marc:record>
